| 000 | 00935cam a22002651 4500 | ||
|---|---|---|---|
| 999 |
_c56879 _d56879 |
||
| 001 | 6952276 | ||
| 003 | ARRUPE | ||
| 005 | 20170605151816.0 | ||
| 008 | 720125s1949 cau 000 0 eng | ||
| 010 | _a 49009384 | ||
| 035 | _a(OCoLC)228251 | ||
| 040 |
_aDLC _cOClU _dNN _dDLC |
||
| 050 | 0 | 0 |
_aDT511 _b.B68 |
| 100 | 1 |
_aBourret, F. M. _932206 |
|
| 245 | 1 | 4 |
_aThe Gold Coast; _ba survey of the Gold Coast and British Togoland, 1919-1946. |
| 260 |
_aStanford, _bStanford University Press, _c1949. |
||
| 300 |
_axi, 231 p. _bmap. _c23 cm. |
||
| 490 | 1 |
_aThe Hoover Library on War, Revolution and Peace. Publication _vno. 23 |
|
| 504 | _aBibliography: p. 205-218. | ||
| 651 | 0 |
_aGhana _xHistory _yTo 1957. _932207 |
|
| 651 | 0 |
_aGhana _xPolitics and government _yTo 1957. _932208 |
|
| 830 | 0 |
_aHoover Institution publication ; _v23. _932209 |
|
| 906 |
_a7 _bcbc _coclcrpl _du _encip _f19 _gy-gencatlg |
||
| 942 |
_2lcc _cMONOGRAPH |
||